Tilastot visalle Euroopan maantiedettä kirjaimittain - K #2

Klikkaa tästä pelataksesi tätä visaa!

Yleistilastot

  • Tätä visaa on pelattu 573 kertaa
  • Keskiarvotulos 11 / 20

Vastaustilastot

VihjeVastaus% Oikein
Länsimaisen sivistyksen kehtona pidetty valtioKreikka
93%
Venäjän vuonna 2014 valtaama Ukrainalle kuuluva niemimaaKrim
91%
Suomen kaupunki, jonka kauppatoria kutsutaan "mualiman navaksi"Kuopio
87%
Adrianmeren rannalla sijaitseva suosittu matkailumaaKroatia
83%
Espanjassa sijaitseva itsehallintoalue, jonka pääkaupunki on BarcelonaKatalonia
78%
Muinaisesta minolaiskulttuuristaan tunnettu yllä olevan valtion toiseksi suurin saariKreeta
76%
Pohjois-Karjalan korkein vaara ja maisemistaan tunnettu kansallispuistoKoli
75%
Sardinian pohjoispuolella sijaitseva Ranskalle kuuluva saari, jossa Napoleon syntyiKorsika
69%
Suuri järvi, jonka rannalla yllä oleva sijaitseeKallavesi
62%
Luoteis-Venäjällä Lapin itäpuolella sijaitseva niemimaa{Kuolan} niemimaa
60%
Euroopan ja Aasian erottava vuoristo Mustanmeren ja Kaspianmeren välissäKaukasus
57%
Ruotsin pohjoisosissa sijaitseva kaupunki, jonka keskustaa siirretään rautakaivoksen tieltäKiiruna
52%
Saksan pohjoisosissa sijaitseva kaupunki, jonka mukaan viereinen merkittävä kanava on nimettyKiel
45%
Liettuan toiseksi suurin kaupunkiKaunas
42%
Normandian edustalla sijaitseva saariryhmä, jonka osat ovat Britannian kruununalusmaita{Kanaali}saaret
35%
Tunnettu Vltavajoen ylittävä goottilainen silta Prahassa{Kaarlen}silta
33%
Yllä olevan niemimaan ja Venäjän erottava salmi{Kertšin}salmi
28%
Entinen kuningaskunta Espanjassa, jonka nimi on kahden Espanjan nykyisen alueen nimessäKastilia
16%
Liettuan ja Kaliningradin yhdistävä kapea niemimaa{Kuurin} kynnäs
16%
Irlannista Ranskaan yltävä merialue{Keltti}meri
14%

Tulosjakauma

Persentiili vastausten määrän mukaan

Jokaisen tuloksen saaneiden osuus

Tuloshistoriasi

Et ole pelannut tätä visaa